000 01145cam a22003378i 4500
999 _c233547
_d233547
001 18404640
003 Nust
005 20170308163451.0
008 141212t20152006ilu 000 1 eng
010 _a 2014044571
020 _a9780755304912
040 _aDLC
_beng
_cDLC
_erda
042 _apcc
050 0 0 _aPR6063.A395
_bM35 2015
082 0 0 _a823.914
_bMAN
100 1 _aMansell, Jill.
245 1 0 _aMaking your mind up /
_cJill Mansell.
263 _a1505
264 1 _aNaperville, Illinois :
_bSourcebooks Landmark,
_c2006
300 _a436 p.
_c21 cm;
336 _atext
_2rdacontent
337 _aunmediated
_2rdamedia
338 _avolume
_2rdacarrier
650 0 _aSingle mothers
_vFiction.
650 0 _aMate selection
_vFiction.
650 0 _aDating (Social customs)
_vFiction.
655 7 _aLove stories.
_2gsafd
906 _a7
_bcbc
_corignew
_d1
_eecip
_f20
_gy-gencatlg
942 _2ddc
_cBK